000 00638nam a22002177a 4500
003 UA-OsUOA
001 53742
007 ta
008 20151118b un ||||| |||| 00| 0 ukr d
100 _aGross F.
090 _a94(4):32
942 _cBR
040 _aUA-OsUOA
_beng
_cUA-OsUOA
_dUA-OsUOA
245 _aPeace planning for Central and Eastern Europe
_bReprinted from The Annals of the American Academy of Political and Social Science, March 1944
300 _aP.169-176 с.
955 _a4
041 _aeng
080 _a94(4):32
650 7 _a9 Географія. Біографії. Історія
_2UDC
999 _c433864
_d433864